| 000 | 00993nas a2200313 4500 | ||
|---|---|---|---|
| 001 | BR8004233 | ||
| 003 | BR-BrBNA | ||
| 005 | 20231205084348.0 | ||
| 007 | ta | ||
| 008 | 230509b bl.|||p| |||| 00| 00por d | ||
| 040 |
_aBR-BrBNA _bpor _cBiblioteca Nacional de Agricultura |
||
| 041 | _a(Pt) | ||
| 072 | _aF50; F60 | ||
| 100 | 1 | _aBan, A.D. | |
| 100 | 1 | _aStrehl, T. | |
| 100 | 1 | _aSouza, B.H. de | |
| 100 | 1 | _aMartins, C.S.A. | |
| 100 | 1 | _aMuller, L. | |
| 111 | 1 |
_a5. Reuniao Conjunta da Pesquisa de Soja da Regiao Sul _cPelotas, RS (Brazil) _d1977 |
|
| 245 | 1 | _aEstudo histo-anatomico dos cristais no limbo foliar da soja (Glycine max (L.)Merril)[Botanica] | |
| 650 | _aHISTOLOGIA VEGETAL | ||
| 650 | _aANATOMIA VEGETAL | ||
| 650 | _aSOJA | ||
| 650 | _aANALISE QUIMICA | ||
| 650 | _aANALISE FOLIAR | ||
| 773 | 0 |
_tAgronomia Sulriograndense (Brazil) _xISSN 0400-8111 _g(1980), v. 16(2) p. 169-179 _wBR8004233 |
|
| 909 |
_a202311 _bLúcia _c55 _dLúcia Elande |
||
| 942 |
_2AGRIS _n0 _cANA |
||
| 999 |
_c104736 _d104736 |
||